Zlepšovanie podnikových procesov metódou Lean Six Sigma
Situácie v podniku, kedy proces nemôže byť uskutočnený pod vplyvom neefektívneho fungovania procesu predošlého. Charakterizuje prístup k zlepšovaniu podnikových procesov prostredníctvom metódy Lean Six Sigma.
Guardado en:
| Autor principal: | |
|---|---|
| Formato: | Capítulo de libro |
| Lenguaje: | eslovaco |
| Materias: | |
| Etiquetas: |
Sin Etiquetas, Sea el primero en etiquetar este registro!
|
MARC
| LEADER | 00000nla a2200000 4500 | ||
|---|---|---|---|
| 001 | 0165626 | ||
| 005 | 20240502083405.4 | ||
| 041 | 0 | |a slo | |
| 044 | |a CZ | ||
| 245 | 1 | 0 | |a Zlepšovanie podnikových procesov metódou Lean Six Sigma |c Pavol Oško |
| 520 | |a Situácie v podniku, kedy proces nemôže byť uskutočnený pod vplyvom neefektívneho fungovania procesu predošlého. Charakterizuje prístup k zlepšovaniu podnikových procesov prostredníctvom metódy Lean Six Sigma. | ||
| 610 | 2 | 0 | |a manažment |
| 610 | 2 | 0 | |a riadenie procesné |
| 610 | 2 | 0 | |a metódy riadenia |
| 610 | 2 | 0 | |a procesy podnikové |
| 610 | 2 | 0 | |a meranie výkonnosti |
| 610 | 2 | 0 | |a konkurencieschopnosť |
| 100 | 1 | |a Oško, Pavol | |